Classic Reviews in Tourism / (Record no. 1010)

MARC details
000 -LEADER
Fixed length control field 00493nam a2200181 4500
003 - CONTROL NUMBER IDENTIFIER
Control field SEACOMMC
005 - DATE AND TIME OF LATEST TRANSACTION
Control field 20250430151350.0
008 - FIXED-LENGTH DATA ELEMENTS--GENERAL INFORMATION
Fixed length control field 250116b |||||||| |||| 00| 0 eng d
020 ## - INTERNATIONAL STANDARD BOOK NUMBER / ISBN
International Standard Book Number 1-8731-044-X
Price Rs.595.00
040 ## - CATALOGING SOURCE
Original cataloging agency SEACOMMC
082 ## - DEWEY DECIMAL CLASSIFICATION NUMBER
Classification number 338.4791
Book Number C 776
100 ## - MAIN ENTRY--PERSONAL NAME
Personal name Cooper, Chris
245 1# - TITLE STATEMENT
Title Classic Reviews in Tourism /
Statement of responsibility edited by Chris Cooper
260 ## - IMPRINT
Place of publication Kolkata
Name of publisher Viva-Books
Date of publication 2006
440 ## - SERIES STATEMENT
Series Title Aspects of Tourism.3
650 ## - SUBJECT ADDED ENTRY--TOPICAL TERM
Topical term Tourism -- Research
942 ## - ADDED ENTRY ELEMENTS (KOHA)
Koha item type Books
Holdings
Withdrawn status Lost status Source of classification Damaged status Not for loan Home library Current library Shelving location Date acquired Total Checkouts Call number Accession number Date last seen Price effective from Koha item type Copy number
    Dewey Decimal Classification     SEACOM MANAGEMENT COLLEGE SEACOM MANAGEMENT COLLEGE Reference 02/01/2008   910. 21 C 776 M-1684 16/01/2025 16/01/2025 Books  
    Dewey Decimal Classification     SEACOM MANAGEMENT COLLEGE SEACOM MANAGEMENT COLLEGE   02/01/2008   910. 21 C 776 M-1685 16/01/2025 16/01/2025 Books 1
    Dewey Decimal Classification     SEACOM MANAGEMENT COLLEGE SEACOM MANAGEMENT COLLEGE   02/01/2008   910. 21 C 776 M-1686 16/01/2025 16/01/2025 Books 2
© Seacom Engineering College, All rights reserved.    Powered by Koha